000 00664nam a2200193 i 4500
001 69335
003 ES-MaACL
005 20230906170509.0
007 t|
008 040705s1970 sp ||||1| spa d
100 1 _aGarcía Barrón, Carlos.
_954235
245 1 3 _aLa obra crítica y literaria de Don Antonio Alcalá Galiano /
_cCarlos García Barrón.
260 _aMadrid :
_bGredos,
_c[1970]
300 _a250 p. ;
_c21 cm.
490 1 _aBiblioteca románica hispánica. II. Estudios y ensayos ;
_v146
830 0 _aBiblioteca románica hispánica. II. Estudios y ensayos ;
_v146
_9178108
852 _aES-MaACL
_jC-39438
_bR.75566
999 _c69335
_d69335